Rzeczowniki z U na drugim miejscu - Statystyki

Ogólne statystyki
  • Ten quiz został rozwiązany 22 razy
  • Średni wynik to 32 z 126
Statystyki odpowiedzi
Odpowiedź % Poprawnych
kura
79%
kula
71%
buk
64%
but
57%
cud
57%
łup
57%
mur
57%
muzyka
57%
nuda
57%
puch
57%
rura
57%
zupa
57%
burak
50%
kuc
50%
lud
50%
łuk
50%
lupa
50%
lustro
50%
sus
50%
duch
43%
dusza
43%
jutro
43%
kuna
43%
nurek
43%
sum
43%
susz
43%
susza
43%
auto
36%
duma
36%
kucyk
36%
mus
36%
numer
36%
pub
36%
pudło
36%
ruda
36%
tura
36%
burta
29%
buzia
29%
guma
29%
huk
29%
kubek
29%
kuchnia
29%
kult
29%
kurs
29%
kurtyna
29%
luka
29%
pula
29%
punkt
29%
pustka
29%
runda
29%
suwak
29%
audyt
21%
autobus
21%
automat
21%
autostrada
21%
budowa
21%
budynek
21%
bułka
21%
fuga
21%
futro
21%
huta
21%
kucharz
21%
kufel
21%
kumpel
21%
kupiec
21%
kuzyn
21%
puzon
21%
puzzle
21%
rumak
21%
suknia
21%
suma
21%
suszarka
21%
tusz
21%
wujek
21%
żubr
21%
zuch
21%
żuk
21%
żuraw
21%
buc
14%
budzik
14%
bulwa
14%
burmistrz
14%
busz
14%
futerał
14%
gumka
14%
kufer
14%
kukułka
14%
kulig
14%
kultura
14%
kunszt
14%
kuracja
14%
muł
14%
murarz
14%
nurt
14%
pustak
14%
runo
14%
tuzin
14%
żużel
14%
audio
7%
autor
7%
bufet
7%
bursa
7%
durszlak
7%
euforia
7%
gust
7%
lumpeks
7%
nuta
7%
puder
7%
ruina
7%
rukola
7%
ruszt
7%
rutyna
7%
sumienie
7%
tupet
7%
turysta
7%
żuchwa
7%
fujarka
0%
furgonetka
0%
humor
0%
huśtawka
0%
juror
0%
kurort
0%
lukrecja
0%
ruletka
0%
rulon
0%
surykatka
0%
Nie znaleziono quizów pasujących do podanych kryteriów
Rozkład punktacji
Procent ludzi z każdym wynikiem
Percentyl według liczby udzielonych odpowiedzi
Twoja historia wyników
Nie rozwiązałeś tego quizu